Tabela pierwszego sezonu Premier League - Statystyki

Ogólne statystyki
  • Ten quiz został rozwiązany 46 razy
  • Średni wynik to 12 z 22
Statystyki odpowiedzi
Pozycja Nazwa Klubu W D L Punkty % Poprawnych
9 Manchester City 15 12 15 57
98%
10 Arsenal 15 11 16 56
95%
1 Manchester United 24 12 6 84
95%
6 Liverpool 16 11 15 59
93%
8 Tottenham Hotspur 16 11 15 59
86%
11 Chelsea 14 14 14 56
82%
2 Aston Villa 21 11 10 74
80%
13 Everton 15 8 19 53
77%
4 Blackburn Rovers 20 11 11 71
57%
18 Southampton 13 11 18 50
55%
17 Leeds United 12 15 15 51
50%
20 Crystal Palace 11 16 15 49
48%
14 Sheffield United 14 10 18 52
45%
5 Queens Park Rangers 17 12 13 63
41%
22 Nottingham Forest 10 10 22 40
36%
16 Ipswich Town 12 16 14 52
25%
7 Sheffield Wednesday 15 14 13 59
25%
21 Middlesbrough 11 11 20 44
23%
3 Norwich City 21 9 12 72
16%
12 Wimbledon 14 12 16 54
14%
15 Coventry City 13 13 16 52
7%
19 Oldham Athletic 13 10 19 49
5%
Nie znaleziono quizów pasujących do podanych kryteriów
Rozkład punktacji
Procent ludzi z każdym wynikiem
Percentyl według liczby udzielonych odpowiedzi
Twoja historia wyników
Nie rozwiązałeś tego quizu